| 000 | 01106njm a22002657a 4500 | ||
|---|---|---|---|
| 005 | 20100908113817.0 | ||
| 007 | sd ammalaaahaa | ||
| 008 | 100830t xxu||||| |||| 00| 0 hin d | ||
| 028 |
_aN. 54445 _bHis Master's Voice |
||
| 035 | _aGR-01279 | ||
| 040 | _aSED/VEN | ||
| 100 |
_917458 _aMohd. Rafi |
||
| 245 |
_aMain suhagan hoon bhag 1 / _h[Sound recording] : _cby Mohd. Rafi & Asha Bhosle ; music Lachhiram ; lyric Kafi Azmil |
||
| 246 | _aमैं सुहागन हूँ (मोहद. रफ़ी) | ||
| 260 |
_aDum Dum, India _bHis Master's Voice _c1963 |
||
| 300 |
_a1 Sound disc [Gramophone Record] : _banalog, 33 1/3 rpm _c10 in (LP) _fGramophone Records |
||
| 500 | _aBrief record | ||
| 505 | _aTu sokh kali, Tu sokh kali (तू सोख कलि) (तू सोख कलि) पार्ट. 2 | ||
| 650 |
_aOrchestra _91186 _zIndia _xExcerpts |
||
| 700 |
_917459 _aAsha Bhosle |
||
| 700 |
_aLachhiram _918822 |
||
| 700 |
_aKafi Azmil _918873 |
||
| 942 |
_2ddc _cGR |
||
| 999 |
_c44416 _d44416 |
||